00650nam a22001815i 450000100060000000300090000600500170001500700030003200800410003504000200007610000390009624500620013526000740019730000360027185200200030799900170032795201240034468418ES-MaACL20230906170300.0t|960805s1880 fr ||||1| spa d aCAM bspa cCAM1 aGarcía Ladevese, Ernesto.95480610aFuera de la patria ... / cpor Ernesto García Ladevese. aParis : bBiblioteca Moderna, c1880 (eClichy : fimp. Pablo Dupont) a392 p. [i.e. 239] p. ; c19 cm. aES-MaACLjD-900 c68418d68418 001040708LIBXIXaATENEOMbATENEOMcSVId2008-01-17eSCl0oD-900p901071619r2023-02-23 00:00:00w2023-02-23yMONANT